Diagnóstico del sistema de procesamiento de datos de la cooperativa de caficultores de Heredia "Santa Rosa R.L."
Gardado en:
| Autor Principal: | |
|---|---|
| Formato: | Libro |
| Publicado: |
[San José , Costa Rica]
1975
|
| Etiquetas: |
Engadir etiqueta
Sen Etiquetas, Sexa o primeiro en etiquetar este rexistro!
|
MARC
| LEADER | 00000nam a2200000Ia 4500 | ||
|---|---|---|---|
| 003 | 002356 | ||
| 005 | 20221231144412.0 | ||
| 008 | 140114s1975 c a m 000 ||s d | ||
| 040 | |c cru CEDI | ||
| 090 | |a TFG 1470 | ||
| 100 | |a Muñoz F, Luis G |9 14995 | ||
| 245 | |a Diagnóstico del sistema de procesamiento de datos de la cooperativa de caficultores de Heredia "Santa Rosa R.L." | ||
| 260 | |c 1975 |a [San José , Costa Rica] | ||
| 300 | |a 17[31] hojas | ||
| 500 | |a Proyecto de graduación (bachiller en ingeniería industrial)--Universidad de Costa Rica. Facultad de Ingeniería. Escuela de Ingeniería Industrial | ||
| 942 | |c TFG | ||
| 999 | |c 21355 |d 21355 | ||
